Statistiques concernant Images satellites n°3

Cliquez ici pour prendre le quiz!

Statistiques générales

  • Ce quiz a été pris 5 235 fois
  • Le résultat moyen est 8 sur 16

Statistiques - réponses

Réponse% Correct
Nil
94%
Somalie
89%
Écosse
83%
Iran
73%
Mer Baltique
71%
Manhattan
68%
Mer Caspienne
65%
Patagonie
56%
Québec
50%
Tasmanie
44%
Baie d'Hudson
36%
Terre-Neuve
33%
Hawaï
29%
Massachusetts
27%
Mississippi
20%
Sydney
11%

Distribution des résultats

Percentile par nombre de réponses

% des personnes avec chaque résultat

Votre développement - résultats

Vous n’avez pas pris ce quiz